La Cenicienta / (Registro nro. 12311)

Detalles MARC
000 -LIDER
fixed length control field 00905cam a2200325 i 4500
001 - NÚMERO DE CONTROL
Identificador de número de control 0000882
003 - IDENTIFICACDOR DE NÚMERO DE CONTROL
control field DO-SdBPM
005 - DATE AND TIME OF LATEST TRANSACTION
control field 20250516133245.0
007 - CAMPOS FIJOS DE DESCRIPCIÓN FÍSICA
fixed length control field 0000882
008 - ELEMENTOS DE LONGITUD FIJA
fixed length control field 100514s1998 sp a || 000 f spa
015 ## - NÚMERO DENTRO DE LA BIBLIOGRAFÍA NACIONAL
National bibliography number
017 ## - NÚMERO DE REGISTRO DE DERECHOS DE AUTOR
Copyright or legal deposit number
Assigning agency
020 ## - ISBN
International Standard Book Number 8434862255
035 ## - NÚMERO LOCAL
System control number
040 ## - FUENTE DE CATALOGACIÓN
Agencia que crea de manera original el registro DO-SdBPM
Idioma de catalogación spa
Agencia que realiza la transcripción BPMSU
Convenciones de la despripción
080 ## - NÚMERO DE CLASIFICACIÓN DECIMAL UNIVERSAL
Universal Decimal Classification number
082 #4 - NÚMERO DE CLASIFICACIÓN DECIMAL DE DEWEY
Classification number 863.6
Item number M385c 1998
Edition number 22
100 1# - ASIENTO PRINCIPAL -- NOMBRE PERSONAL
Nombre personal Martínez, Rocío
245 13 - MENCIÓN DE TITULO
Título La Cenicienta /
Mención de responsabilidad adaptación e ilustración Rocío Martínez
Medio (Designación general de material)
260 ## - PUBLICACIÓN, DISTRIBUCIÓN, ETC. (PIE DE IMPRENTA)
Lugar de publicación, distribución, etc Madrid, España :
Nombre del editor, distribuidor, etc. Ediciones SM,
Fecha de publicación, distribución, etc 1998.
300 ## - DESCRIPCIÓN FÍSICA
Extensión [36] p. :
Otros detalles físicos il. ;
Dimensiones 22 cm.
590 ## - NOTA LOCAL
Texto de la nota local Inventariado, 2025/VM
650 #4 - ENCABEZAMIENTO DE MATERIA--TEMÁTICO
Término temático o nombre geográfico como elemento de entrada Cuentos infantiles españoles
650 #4 - ENCABEZAMIENTO DE MATERIA--TEMÁTICO
Subdivisión de forma Cuentos infantiles
Término temático o nombre geográfico como elemento de entrada Madrastras
650 #4 - ENCABEZAMIENTO DE MATERIA--TEMÁTICO
Término temático o nombre geográfico como elemento de entrada Princesas
Mención de responsabilidad Cuentos infantiles
650 #4 - ENCABEZAMIENTO DE MATERIA--TEMÁTICO
Término temático o nombre geográfico como elemento de entrada Príncipes
Subdivisión de forma Cuentos infantiles
650 #4 - ENCABEZAMIENTO DE MATERIA--TEMÁTICO
Término temático o nombre geográfico como elemento de entrada
910 ## - VALIDACIÓN
Validación VMateo V. Control de calidad. BPMSU
942 ## - ADDED ENTRY ELEMENTS (KOHA)
Source of classification or shelving scheme Dewey Decimal Classification
Koha item type Libros
Existencias
Withdrawn status Lost status Source of classification or shelving scheme Damaged status Not for loan Collection code Home library Current library Date acquired Source of acquisition Total Checkouts Full call number Barcode Date last seen Price effective from Koha item type
    Dewey Decimal Classification     Colección Infantil General Biblioteca Pública Metropolitana Salomé Ureña Biblioteca Pública Metropolitana Salomé Ureña 12/06/2016   BPMSU CGI 863.6 M385c 1998 BPMSU16120157 12/06/2016   Libros